| 000 | 00911nam a2200253 a 4500 | ||
|---|---|---|---|
| 001 | 449 | ||
| 003 | BR-CuiBMT | ||
| 005 | 20231122152626.0 | ||
| 008 | 231106s2020 mgb 000 0 por d | ||
| 020 | _a9788545007326 | ||
| 040 |
_aBR-CuiBMT _cBR-CuiBMT |
||
| 080 |
_22007 _a342.7 |
||
| 090 |
_a342.7 _bD598 |
||
| 245 | 0 | 0 |
_aDireitos humanos : _babordagens transversais / _cDafne Fernandez de Bastos, José Edvaldo Pereira Sales, coordenadores ; [autores: Aldalberto Fernandes Sá Junior ... et al.] ; prefácio Antônio Moreira Maués. |
| 260 |
_aBelo Horizonte : _bFórum, _c2020. |
||
| 300 |
_a321 p. ; _c22 cm |
||
| 500 | _aVários colaboradores. | ||
| 504 | _aInclui bibliografia. | ||
| 650 |
_aDireitos humanos _zBrasil |
||
| 700 | 1 |
_aBastos, Dafne Fernandez de _4coord. |
|
| 700 | 1 |
_aSales, José Edvaldo Pereira _4coord. |
|
| 700 | 1 |
_aSá Junior, Adalberto Fernandes _eet al. _eautores |
|
| 942 |
_2udc _cLV |
||
| 999 |
_c449 _d449 |
||